000
00231nam a22000857a 4500
008
161122b xxu||||| |||| 00| 0 eng d
100
_9
1319
_a
CBSE
245
_a
Sample question paper : 2008
260
_a
New delhi
_b
National book trust
_c
2007
999
_c
4032
_d
4032